|
|
|
|
| LEADER |
00000cam a2200000 a 4500 |
| 001 |
vtls010636586 |
| 003 |
SK-MaSNL |
| 005 |
20260301090812.0 |
| 008 |
250313s1978 xo 000 0 slo |
| 015 |
|
|
|a SNBA1978
|
| 035 |
|
|
|a 1AEF53F1-AB6C-4C89-AE8C-EAD2A91AE6AB
|
| 035 |
|
|
|a urn:nbn:sk:snk-amjzke
|
| 035 |
|
|
|a urn:nbn:sk:snk-am00817h
|
| 040 |
|
|
|a SNK
|b slo
|c SNK
|e AACR2
|
| 041 |
0 |
|
|a slo
|
| 044 |
|
|
|a xo
|c SK
|
| 080 |
|
|
|a 334.735 (047)
|2 1981
|
| 245 |
0 |
0 |
|a Úlohy vyplývajúce z Dokumentu konferencie Jednoty-SD Nitra a jeho Dodatku pre splnenie ...
|
| 260 |
|
|
|a Nitra
|b Jednota
|c 1978
|
| 610 |
2 |
7 |
|a Jednota SD (Nitra, Slovensko)
|2 SNKKA
|9 419139
|
| 650 |
0 |
7 |
|a spotrebné družstvá
|2 SNKPH
|9 2135
|
| 650 |
0 |
7 |
|a úlohy
|2 SNKPH
|9 3885
|
| 655 |
|
7 |
|a správy
|2 SNKPH
|9 70563
|
| 852 |
|
|
|a Slovenská národná knižnica
|
| 958 |
|
|
|a OND
|
| 999 |
|
|
|c 669261
|d 671191
|
| 952 |
|
|
|a SNK
|b SNK
|y PREZ
|7 0
|p 17A0992057
|o snkSB 32409
|i snkKSP 8015/81
|0 0
|1 0
|4 0
|d 2014-11-19
|f 1
|l 0
|r 2025-04-07 00:00:00
|w 2026-02-23
|
| 952 |
|
|
|a SNK
|b SNK
|y VYP
|7 0
|o snkSB 32409 D1
|i snkKSP 8016/81
|0 0
|1 0
|4 0
|d 2014-11-19
|l 0
|r 2026-02-23 19:21:46
|w 2026-02-23
|